Statistiques concernant Taylor Swift - Chansons les plus streamés de Reputation

Cliquez ici pour prendre le quiz!

Statistiques générales

  • Ce quiz a été pris 113 fois
  • Le résultat moyen est 9 sur 15

Statistiques - réponses

HintRéponse% Correct
743MLook What You Made Me Do
100%
578MDelicate
85%
401M...Ready for It?
78%
308MEnd Game
68%
241MGetaway Car
64%
258MDon't Blame Me
63%
301MGorgeous
63%
121MDress
62%
222MI Did Something Bad
57%
94MNew Year's Day
56%
205MCall It What You Want
49%
87MSo It Goes..
47%
118MKing of My Heart
46%
122MDancing With Our Hands Tied
44%
106MThis Is Why We Can't Have Nice Things
44%

Distribution des résultats

Percentile par nombre de réponses

% des personnes avec chaque résultat

Votre développement - résultats

Vous n’avez pas pris ce quiz